Southville International School and Colleges
Your cart is empty.
  • Cart
  • Lists
    Public lists Eva Luna New books Lux_list list_1
    Your lists Log in to create your own lists
  • Log in to your account
  • Your cookies
  • Search history
Southville International School and Colleges
  • Advanced search
  • Recent comments
  • Most popular
  • Libraries

Log in to your account

Log in with GOOGLE


If you do not have an external account, but do have a local account, you can still log in:

  1. Home
  2. MARC view: Diary of a pulubi:
Normal view MARC view ISBD view

Diary of a pulubi: (Record no. 367248)

[ view plain ]
MARC details
000 -LEADER
fixed length control field 00491nam a22001697a 4500
003 - CONTROL NUMBER IDENTIFIER
control field 0
005 - DATE AND TIME OF LATEST TRANSACTION
control field 20250219153216.0
008 - FIXED-LENGTH DATA ELEMENTS--GENERAL INFORMATION
fixed length control field 250219b xxu||||| |||| 00| 0 eng d
050 ## - LIBRARY OF CONGRESS CALL NUMBER
Classification number HG 179
Item number .T167 2017
100 ## - MAIN ENTRY--PERSONAL NAME
Personal name Tan, Chinkee
245 ## - TITLE STATEMENT
Title Diary of a pulubi:
Remainder of title 22 money lessons on how to avoid going broke
Statement of responsibility, etc Chinkee Tan
260 ## - PUBLICATION, DISTRIBUTION, ETC. (IMPRINT)
Place of publication, distribution, etc Mandaluyong City
Name of publisher, distributor, etc CSM Publishing
Date of publication, distribution, etc 2017
300 ## - PHYSICAL DESCRIPTION
Extent 122 pages ;
Dimensions 18cm.
650 ## - SUBJECT ADDED ENTRY--TOPICAL TERM
Topical term or geographic name as entry element Financial.
650 ## - SUBJECT ADDED ENTRY--TOPICAL TERM
Topical term or geographic name as entry element Personal investment.
942 ## - ADDED ENTRY ELEMENTS (KOHA)
Source of classification or shelving scheme Library of Congress Classification
Koha item type Books
Holdings
Withdrawn status Lost status Source of classification or shelving scheme Damaged status Home library Current library Shelving location Date acquired Source of acquisition Sub Shelving location Total Checkouts Full call number Barcode Date last seen Price effective from Koha item type
    Library of Congress Classification   College Library College Library Filipiniana Section 02/19/2025 Donation     HG 179 .T167 2017 C24235 02/19/2025 02/19/2025 Books

Diary of a pulubi:

APA

Tan C., . (2017). Diary of a pulubi. Mandaluyong City: CSM Publishing.

Chicago

Tan Chinkee, . 2017. Diary of a pulubi. Mandaluyong City: CSM Publishing.

Harvard

Tan C., . (2017). Diary of a pulubi. Mandaluyong City: CSM Publishing.

MLA

Tan Chinkee, . Diary of a pulubi. Mandaluyong City: CSM Publishing. 2017.

  • Place hold
  • Print
  • Cite
  • Add to your cart (remove)
  • Save record
    BIBTEX Dublin Core MARCXML MARC (non-Unicode/MARC-8) MARC (Unicode/UTF-8) MARC (Unicode/UTF-8, Standard) MODS (XML) RIS
  • More searches
    Search for this title in:
    Other Libraries (WorldCat) Other Databases (Google Scholar) Online Stores (Bookfinder.com) Open Library (openlibrary.org)

Exporting to Dublin Core...

SOUTHVILLE LIBRARY

Southville International School and Colleges Library

1281 Tropical Ave. Cor. Luxembourg St., BF Homes International, Las Pinas City

Tel. No. 8256374 / 252358 Loc. 117/146

Powered by Koha